Statistics for American Geography Quiz for Dummies

Click here to take the quiz!

General Stats

  • This quiz has been taken 34,978 times
  • The average score is 17 of 20

Answer Stats

QuestionAnswer% Correct
Which two countries does the United States border?Canada
100%
Which two countries does the United States border?Mexico
100%
Which state has the postal abbreviation FL?Florida
98%
Everything's bigger in Texas. But one state is more than twice the size of Texas.
What is it?
Alaska
96%
"Saint Lewis" is incorrectly spelled. What is the correct spelling?Saint Louis
94%
What 151 foot tall copper statue can be found on an island in New York Harbor?Statue of Liberty
94%
Name one of the five boroughs of New York City.Brooklyn | Bronx |
Manhattan |
Queens | Staten Island
88%
Five states have a cardinal direction in their name:
South Carolina, South Dakota, North Carolina, North Dakota, and ...
West Virginia
88%
What is the smallest state by area?Rhode Island
87%
What mountain has four Presidents carved into its face?Mount Rushmore
85%
What is the southernmost major city in the continental U.S.?Miami
81%
In what U.S. territory would you find the city of San Juan?Puerto Rico
80%
What mountain range runs through Colorado, Wyoming, and Montana?Rocky Mountains
78%
What is the biggest city in New England?Boston
77%
Name one of the two biggest cities in Tennessee.Nashville | Memphis
77%
What is the capital of Utah?Salt Lake City
77%
What city's Willis Tower, formerly known as the Sears Tower, was the
tallest building in the world for more than 20 years?
Chicago
75%
The biggest city in Maine has the same name as the biggest city in Oregon. What is it?Portland
72%
What major city can be found near the southern end of the Mississippi River?New Orleans
70%
What state capital is known as the "Mile High City"?Denver
67%

Score Distribution

Percentile by Number Answered

Percent of People with Each Score

Your Score History

You have not taken this quiz